Privatization: lessons from market economies /

में बचाया:
ग्रंथसूची विवरण
मुख्य लेखक: Kikeri, Sunita
अन्य लेखक: Nellis, John, Shirley, Mary
स्वरूप: मूलपाठ
टैग: टैग जोड़ें
कोई टैग नहीं, इस रिकॉर्ड को टैग करने वाले पहले व्यक्ति बनें!

MARC

LEADER 00000 a a2200000 04500
001 47034
003
040
100 |a Kikeri, Sunita  
245 |a Privatization:   |b lessons from market economies /  |c Sunita Kikeri, John Nellis, Mary Shirley  
700 |a Nellis, John  
700 |a Shirley, Mary  
773 |g volumen9, número2, (1994), páginas 241-272: tablas, gráficos  
999 |c 29070  |d 29070